<?xml version="1.0" encoding="UTF-8"?>
<record
    xmlns:xsi="http://www.w3.org/2001/XMLSchema-instance"
    xsi:schemaLocation="http://www.loc.gov/MARC21/slim http://www.loc.gov/standards/marcxml/schema/MARC21slim.xsd"
    xmlns="http://www.loc.gov/MARC21/slim">

  <leader>01060nam a22002897a 4500</leader>
  <controlfield tag="005">20170929020001.0</controlfield>
  <controlfield tag="008">170306b2016    ck a|||b |||| 00| | spa d</controlfield>
  <datafield tag="020" ind1=" " ind2=" ">
    <subfield code="a">9789588889948 (obra impresa)</subfield>
  </datafield>
  <datafield tag="020" ind1=" " ind2=" ">
    <subfield code="a">9789588889955 (obra digital)</subfield>
  </datafield>
  <datafield tag="040" ind1=" " ind2=" ">
    <subfield code="a">CO-BoIAVH </subfield>
    <subfield code="c">CO-BoIAVH </subfield>
  </datafield>
  <datafield tag="041" ind1=" " ind2=" ">
    <subfield code="a">spa</subfield>
  </datafield>
  <datafield tag="044" ind1=" " ind2=" ">
    <subfield code="a">ck</subfield>
  </datafield>
  <datafield tag="082" ind1="1" ind2=" ">
    <subfield code="a">808.803523</subfield>
    <subfield code="b">O96c</subfield>
  </datafield>
  <datafield tag="100" ind1="1" ind2=" ">
    <subfield code="a">Oviedo, Luz Helena</subfield>
    <subfield code="e">autora</subfield>
  </datafield>
  <datafield tag="245" ind1="1" ind2="0">
    <subfield code="a">Chico el bocachico / </subfield>
    <subfield code="c">textos de Luz Helena Oviedo, ilustraciones de Juan Galvis</subfield>
  </datafield>
  <datafield tag="250" ind1=" " ind2=" ">
    <subfield code="a">Primera edici&#xF3;n</subfield>
  </datafield>
  <datafield tag="260" ind1=" " ind2=" ">
    <subfield code="a">Bogot&#xE1;:</subfield>
    <subfield code="b">Instituto de Investigaci&#xF3;n de Recursos Biol&#xF3;gicos Alexander von Humboldt,</subfield>
    <subfield code="c">2016.</subfield>
  </datafield>
  <datafield tag="300" ind1=" " ind2=" ">
    <subfield code="a">16 p&#xE1;ginas, </subfield>
    <subfield code="b">ilustraciones a color, pasta dura; </subfield>
    <subfield code="c">24 x 18 cent&#xED;metros</subfield>
  </datafield>
  <datafield tag="650" ind1="1" ind2="0">
    <subfield code="a">Fauna</subfield>
    <subfield code="x"> narraci&#xF3;n de los cuentos</subfield>
  </datafield>
  <datafield tag="650" ind1="1" ind2="0">
    <subfield code="a">Cuentos para ni&#xF1;os</subfield>
  </datafield>
  <datafield tag="650" ind1="1" ind2="0">
    <subfield code="a">Ni&#xF1;os</subfield>
    <subfield code="x">literatura</subfield>
  </datafield>
  <datafield tag="650" ind1="1" ind2="0">
    <subfield code="a">Educaci&#xF3;n</subfield>
    <subfield code="x">ense&#xF1;anza y formaci&#xF3;n</subfield>
  </datafield>
  <datafield tag="650" ind1="1" ind2="0">
    <subfield code="a">Ci&#xE9;naga</subfield>
  </datafield>
  <datafield tag="650" ind1="1" ind2="0">
    <subfield code="a">Bocachico</subfield>
  </datafield>
  <datafield tag="700" ind1="1" ind2=" ">
    <subfield code="a">Galvis, Juan</subfield>
    <subfield code="e">Ilustrador</subfield>
  </datafield>
  <datafield tag="942" ind1=" " ind2=" ">
    <subfield code="2">ddc</subfield>
    <subfield code="c">LIBRO</subfield>
    <subfield code="0">2</subfield>
  </datafield>
  <datafield tag="999" ind1=" " ind2=" ">
    <subfield code="c">19403</subfield>
    <subfield code="d">19403</subfield>
  </datafield>
  <datafield tag="952" ind1=" " ind2=" ">
    <subfield code="0">0</subfield>
    <subfield code="1">0</subfield>
    <subfield code="2">ddc</subfield>
    <subfield code="4">0</subfield>
    <subfield code="7">0</subfield>
    <subfield code="8">HUMBOLDT</subfield>
    <subfield code="I">INV2017</subfield>
    <subfield code="a">Bogota</subfield>
    <subfield code="b">Bogota</subfield>
    <subfield code="d">2017-03-06</subfield>
    <subfield code="e">Instituto</subfield>
    <subfield code="g">39000.00</subfield>
    <subfield code="l">2</subfield>
    <subfield code="o">IAVH-808.803523 O96c</subfield>
    <subfield code="p">041084</subfield>
    <subfield code="r">2017-09-28 00:00:00</subfield>
    <subfield code="s">2017-09-28</subfield>
    <subfield code="t">Ej. 1</subfield>
    <subfield code="w">2017-03-06</subfield>
    <subfield code="x">Institucional</subfield>
    <subfield code="y">LIBRO</subfield>
  </datafield>
  <datafield tag="952" ind1=" " ind2=" ">
    <subfield code="0">0</subfield>
    <subfield code="1">0</subfield>
    <subfield code="2">ddc</subfield>
    <subfield code="4">0</subfield>
    <subfield code="7">0</subfield>
    <subfield code="8">HUMBOLDT</subfield>
    <subfield code="I">INV2017</subfield>
    <subfield code="a">Venado</subfield>
    <subfield code="b">Bogota</subfield>
    <subfield code="d">2017-03-06</subfield>
    <subfield code="e">Instituto</subfield>
    <subfield code="g">39000.00</subfield>
    <subfield code="l">3</subfield>
    <subfield code="m">3</subfield>
    <subfield code="o">IAVH-808.803523 O96c</subfield>
    <subfield code="p">041085</subfield>
    <subfield code="q">2025-04-24</subfield>
    <subfield code="r">2025-02-20 00:00:00</subfield>
    <subfield code="s">2025-02-20</subfield>
    <subfield code="t">Ej. 2</subfield>
    <subfield code="w">2017-03-06</subfield>
    <subfield code="x">Institucional</subfield>
    <subfield code="y">LIBRO</subfield>
  </datafield>
  <datafield tag="952" ind1=" " ind2=" ">
    <subfield code="0">0</subfield>
    <subfield code="1">0</subfield>
    <subfield code="2">ddc</subfield>
    <subfield code="4">0</subfield>
    <subfield code="7">0</subfield>
    <subfield code="8">HUMBOLDT</subfield>
    <subfield code="I">INV2017</subfield>
    <subfield code="a">Villa</subfield>
    <subfield code="b">Villa</subfield>
    <subfield code="d">2017-08-30</subfield>
    <subfield code="e">Instituto</subfield>
    <subfield code="g">39000.00</subfield>
    <subfield code="l">0</subfield>
    <subfield code="o">IAVH-808.803523 O96c</subfield>
    <subfield code="p">042832</subfield>
    <subfield code="r">2017-08-30 00:00:00</subfield>
    <subfield code="t">Ej. 3</subfield>
    <subfield code="w">2017-08-30</subfield>
    <subfield code="x">Institucional</subfield>
    <subfield code="y">LIBRO</subfield>
  </datafield>
</record>
